01407nkm a2200301 i 45000010005000000030009000050050017000140070006000310080041000371000024000782450135001022600029002373000039002665000035003055110175003405180147005156000028006626000040006906000028007306000043007586000035008016000018008366000019008546100064008737100049009378520026009868560093010123027ES-MaACL20250713062537.0khrbo041110s1981 sp --- g |001||spa d0 aAlfonso,d1902-199010aPresentación del informe "Los doscientos días de la política económica del Gobierno" [hFotografía] / cAlfonso (sello). a[S.l. : bs.n.], c1981. a7 fot. : bb. y n. ; c12 x 18 cm. aDatos basados en invitación.0 aIntervienen: Julio Pascual, Rafael Alberto Pérez, Fernando de la Puente, Juan María Hernández Puértolas, Jesús Martínez Vázquez, Juan Molina, Luisa Serrano. aActo organizado por la Sección de Economía del Ateneo de Madrid, celebrado en el salón de actos el 14 de octubre de 1981, a las 20:00 h.14aPascual Vicente, Julio.14aPérez González, Rafael Alberto.14aPuente, Fernando de la.14aHernández Puértolas, Juan María.14aMartínez Vázquez, Jesús.14aMolina, Juan.14aSerrano, Luis.24aAteneo de Madrid-xActos culturales-y1981-vFotografías.2 aAteneo de Madrid. bSección de Economía. aES-MaACLjFOT 60/19814 uhttp://www.ateneodemadrid.net/biblioteca_digital/imagenes/1981/0060-1981.jpgzVer imagen